|
|
|
|
| LEADER |
00000cam a2200000 a 4500 |
| 001 |
vtls008394975 |
| 003 |
SK-MaSNL |
| 005 |
20260301123555.0 |
| 008 |
250312q1947 xo a 000 f slo |
| 015 |
|
|
|a SNBA19451955-010440
|
| 035 |
|
|
|a SK01SNKBKSFS20010087192
|
| 035 |
|
|
|a urn:nbn:sk:snk-am3hm8j
|
| 035 |
|
|
|a 7DCB94DD-593F-406A-97B5-BF311EC1DA26
|
| 035 |
|
|
|a urn:nbn:sk:snk-am00d5bh
|
| 035 |
|
|
|a SKM000089655
|
| 040 |
|
|
|a SNK
|b slo
|c SNK
|e AACR2
|
| 041 |
1 |
|
|a slo
|h ukr
|
| 044 |
|
|
|a xo
|c SK
|
| 080 |
|
|
|a 882/883
|2 1981
|
| 100 |
1 |
|
|a Rybak, Natan Samijlovič,
|d 1913-1978
|4 aut
|9 198410
|
| 245 |
1 |
0 |
|a Zbraň je v našich rukách
|b román
|c N. Rybak ; [z ukr. orig] (prel. Ján Štefanovič) ; (ilustr. Mitja Kolesárová)
|
| 260 |
|
|
|a Bratislava
|b Štátne nakladateľstvo
|c 1947
|e Bratislava
|f Unia
|
| 300 |
|
|
|a 134, [5] s.
|b ilustr.
|c V. 8°
|
| 500 |
|
|
|a V tiráži rok vyd. 1948
|
| 655 |
|
7 |
|a ukrajinské romány
|2 SNKPH
|9 78649
|
| 700 |
1 |
|
|a Štefanovič, Ján
|4 trl
|9 470710
|
| 700 |
1 |
|
|a Kolesárová, Mitja
|4 ill
|9 470711
|
| 852 |
|
|
|a Slovenská národná knižnica
|
| 954 |
|
|
|a beletria cudzojazyčná (svetová)
|2 lita
|
| 958 |
|
|
|a RK
|
| 958 |
|
|
|a TL
|
| 958 |
|
|
|a LX
|
| 958 |
|
|
|a UP
|
| 958 |
|
|
|a OND
|
| 999 |
|
|
|c 736733
|d 738663
|
| 952 |
|
|
|a SNK
|b SNK
|y VYP
|7 0
|p 17A1553125
|o snkSC 3821 D1
|i snkKSF 18/57
|8 5
|0 0
|1 0
|4 0
|d 2024-10-01
|l 0
|r 2026-02-23 22:46:57
|w 2026-02-23
|
| 952 |
|
|
|a SNK
|b SNK
|y PREZ
|7 0
|p 17A0745565
|o snkSC 3821
|i snk1151/48
|0 0
|1 0
|4 0
|d 2018-10-10
|f 1
|l 0
|r 2025-06-25 00:00:00
|w 2026-02-23
|